02037nam a2200265Ia 4500003000400000005001700004008004100021020001500062040001800077041000800095082002600103245007100129250001200200260004400212300002500256500106000281650003701341650004701378650006101425700003401486700002901520942003501549999001901584952016801603OSt20260316144457.0210716s2006 xx 000 0 und d a0761935061 cAIMIT LIBRARY aeng a001.0723034 21bDASS aGlobalization and after /cEdited by Samir Dasgupta and Ray Kiely. a1st ed. aNew Delhi :bSage Publications ,c2006. a443p. ;bPBc22.5 cm aWhile accepting that globalization is here to stay, the distinguished contributors to this volume share a scepticism regarding the claims made about its supposed benefits. They believe instead that the present form of globalization is essentially unequal and marginalizing besides being environmentally destructive. Approaching the issues involved from a variety of theoretical and disciplinary perspectives, the contributors address a number of important questions concerning the current form of globalisation and its future course. These include: - does globalization involve integration on a worldwide scale or will there be a levelling off or even a reversal? - encouraged by market forces, will privatization and deregulation of economies increase or will there be a shift in direction or even a reaction? - will globalization lead to a new world order? - is there an alternative to globalization? Overall, this multi-disciplinary volume explores the tensions and dilemmas inherent in globalization, from local, national and global perspectives. aNeoliberal globalization9185186 aGlobalization and its future shock9185187 aThe impact of globalization on local communities9185188 aDasgupta, Samir., ed.9185189 aKiely, Ray., ed.9185190 2ddccBKe1stk001.0723034 DASS c201645d201645 00102ddc40708MBAaAIMITbAIMITd2006-11-27g550.00iBill no:329; Bill dt:2006-11-13l0o001.0723034 DASSpMBA04211r2025-07-21 00:00:00v440.00w2021-07-16yBK